000 00736nam a2200253Ia 4500
003 OSt
005 20221005051308.0
006 a|||||r|||| 00| 0
007 ta
008 221004b |||||||| |||| 00| 0 eng d
020 _a9781905654291 (pbk)
_c550
024 _a101006
037 _b257, 08/03/2010, University Book House
_cTextual
040 _aCRL
_cCRL
_beng
041 _2eng
_aeng
082 _aO111,3N73,BD, P8
100 _aMeyer Stephenie
245 0 _aBreaking dawn
260 _aLondon
_bAtom UK
_c2008
300 _a702p.
_ccm.
650 _aENGLISH LITERATURE
942 _hO111,3N73,BD, P8
_cTEXL
_2cc
999 _c958597
_d958597